000
00355nam a2200133Ia 4500
008
151001s9999||||xx |||||||||||||| ||und||
100
_a
Tumbi
245
_a
My Little of shapes
250
_a
1
260
_b
DC Books
260
_c
2007
300
_a
0
365
_b
18
999
_c
992829
_d
992826